<?xml version="1.0" encoding="UTF-8"?><?xml-stylesheet type="text/xsl" href="static/style.xsl"?><OAI-PMH xmlns="http://www.openarchives.org/OAI/2.0/" xmlns:xsi="http://www.w3.org/2001/XMLSchema-instance" xsi:schemaLocation="http://www.openarchives.org/OAI/2.0/ http://www.openarchives.org/OAI/2.0/OAI-PMH.xsd"><responseDate>2026-06-01T23:26:51Z</responseDate><request verb="GetRecord" identifier="oai:riuma.uma.es:10630/34390" metadataPrefix="marc">https://riuma.uma.es/rest/oai/request</request><GetRecord><record><header><identifier>oai:riuma.uma.es:10630/34390</identifier><datestamp>2026-02-03T11:18:50Z</datestamp><setSpec>com_10630_2254</setSpec><setSpec>col_10630_37953</setSpec></header><metadata><record xmlns="http://www.loc.gov/MARC21/slim" xmlns:dcterms="http://purl.org/dc/terms/" xmlns:doc="http://www.lyncode.com/xoai" xmlns:xsi="http://www.w3.org/2001/XMLSchema-instance" xsi:schemaLocation="http://www.loc.gov/MARC21/slim http://www.loc.gov/standards/marcxml/schema/MARC21slim.xsd">
   <leader>00925njm 22002777a 4500</leader>
   <datafield ind2=" " ind1=" " tag="042">
      <subfield code="a">dc</subfield>
   </datafield>
   <datafield ind2=" " ind1=" " tag="720">
      <subfield code="a">Ibáñez-Cubillas, María del Pilar</subfield>
      <subfield code="e">author</subfield>
   </datafield>
   <datafield ind2=" " ind1=" " tag="720">
      <subfield code="a">Gijón Puerta, José</subfield>
      <subfield code="e">author</subfield>
   </datafield>
   <datafield ind2=" " ind1=" " tag="260">
      <subfield code="c">2021</subfield>
   </datafield>
   <datafield ind2=" " ind1=" " tag="520">
      <subfield code="a">El emprendimiento se considera un elemento clave a desarrollar por los ciudadanos del siglo XXI y de especial interés para la formación inicial de los docentes desde la perspectiva de la formación basada en competencias. El propósito de nuestra investigación ha sido establecer un modelo de emprendimiento como “competencia”, buscando sus elementos o competencias clave. Pretendemos que este modelo recoja la opinión de los expertos en formación inicial de los docentes, convocados a través de la Research and Development Community Enabling Teachers for Entrepreneurship Education (RDC ENTENP-ED1), dentro de la Association for Teacher Education in Europe (ATEE). Se seleccionaron 13 profesionales de la educación mediante un cuestionario para determinar su nivel de experto en el ámbito del emprendimiento. Se les propuso una colección de competencias del emprendimiento, creada por miembros del RDC ENTENP-ED a partir de un análisis de la literatura existente, y se les preguntó su opinión sobre los distintos ítems propuestos. Aplicando dos oleadas Delphi, se obtuvo un decálogo de competencias, que permiten desarrollar en su conjunto la competencia “emprendimiento”. Este decálogo podrá servir de base para la creación y difusión de materiales específicos para la formación inicial de docentes para la enseñanza del emprendimiento.</subfield>
   </datafield>
   <datafield ind1="8" ind2=" " tag="024">
      <subfield code="a">Ibáñez-Cubillas, P., &amp; Gijón Puerta, J. (2021). Competencias para la formación inicial de los docentes en la enseñanza del emprendimiento. Archivos Analíticos de Políticas Educativas, 29(138). https://doi.org/10.14507/epaa.29.5677</subfield>
   </datafield>
   <datafield ind1="8" ind2=" " tag="024">
      <subfield code="a">https://hdl.handle.net/10630/34390</subfield>
   </datafield>
   <datafield ind1="8" ind2=" " tag="024">
      <subfield code="a">https://doi.org/10.14507/epaa.29.5677</subfield>
   </datafield>
   <datafield tag="653" ind2=" " ind1=" ">
      <subfield code="a">Competencia en educación</subfield>
   </datafield>
   <datafield tag="653" ind2=" " ind1=" ">
      <subfield code="a">Profesores - Formación profesional</subfield>
   </datafield>
   <datafield ind2="0" ind1="0" tag="245">
      <subfield code="a">Competencias para la Formación Inicial de los Docentes en la Enseñanza del Emprendimiento</subfield>
   </datafield>
</record>
</metadata></record></GetRecord></OAI-PMH>